Szczegóły MARC21

Wiosna : pierwsza książka wprowadzająca w świat przyrody /

003 -Nazwa inst., której nr kontr. jest w polu 001 [,]
    • @
    • Nazwa instytucji, której n kontrolny jest w polu 001
    • NUKAT
005 -DATA I CZAS OSTATNIEJ MODYFIKACJI [,]
    • @
    • pole kontrolne
    • 20241231090635.0
020 -Międzynarod. znormalizowany nr książki - ISBN [ , ]
    • a
    • Numer ISBN
    • 8302046108 Find
    • q
    • Dopowiedzenie
    • Cz. 2
020 -Międzynarod. znormalizowany nr książki - ISBN [ , ]
    • a
    • Numer ISBN
    • 8302046116 Find
    • q
    • Dopowiedzenie
    • Całość
040 -Instytucja sporządzająca opis [ , ]
    • a
    • Instytucja, która sporządziła opis (NP)
    • GD U/JD
    • c
    • Instytucja, która sporządziła rekord (NP)
    • GD U/JDs
    • d
    • Instytucja, która zmodyfikowała rekord (P)
    • GD U/as
942 -Rodzaj dokumentu [ , ]
    • c
    • Rodzaj dokumentu
    • Książka
100 -Hasło główne - nazwa osobowa [1, ]
    • a
    • Nazwa osobowa (NP)
    • Kownacka, Maria
    • d
    • Daty biograficzne (NP)
    • (1894-1982).
    • 9
    • KHW
    • 94447
245 -Strefa tytułu i oznaczenia odpowiedzialności [1,0]
    • a
    • Tytuł
    • Wiosna : Find
    • b
    • Ciąg dalszy tytułu (NP)
    • pierwsza książka wprowadzająca w świat przyrody / Find
    • c
    • Pozostałe elementy strefy tytułu i oznaczenia odpowiedzialności (NP)
    • Maria Kownacka ; [il. Jerzy Heintze, Zbigniew Rychlicki, Stanisława Saloni].
250 -Strefa wydania [ , ]
    • a
    • Oznaczenie wydania (NP)
    • Wyd. 3.
260 -Strefa adresu wydawniczego [ , ]
    • a
    • Miejsce wydania (P)
    • Warszawa :
    • b
    • Nazwa wydawcy (P)
    • Wydawnictwa Szkolne i Pedagogiczne,
    • c
    • Data wydania (P)
    • 1991.
300 -Strefa opisu fizycznego [ , ]
    • a
    • Określenie formy książki i/lub objętość (NP)
    • 126, [2] s. :
    • b
    • Oznaczenie ilustracji (NP)
    • il. kolor. ;
    • c
    • Format (NP)
    • 25 cm.
336 -Typ zawartości [ , ]
    • a
    • Termin opisujący typ zawartości
    • Tekst
    • b
    • Kod określający zawartość
    • txt
    • 2
    • Źródło (terminu i kodu)
    • rdacontent
337 -Typ mediów [ , ]
    • a
    • Tryb odtwarzania
    • Bez urządzenia pośredniczącego
    • b
    • Kod typu mediów
    • n
    • 2
    • Źródło (terminu i kodu)
    • rdamedia
338 -Typ/rodzaj nośnika [ , ]
    • a
    • Hasło opisujące typ nośnika
    • Wolumin
    • b
    • Kod typu nośnika
    • nc
    • 2
    • Źródło (terminu i kodu)
    • rdacarrier
490 -Strefa serii i książki wielotomowej - forma nie do wyszukiwania [1, ]
    • a
    • Tytuł (P)
    • Razem ze słonkiem / Maria Kownacka ; Find
    • v
    • Numeracja (P)
    • 2
080 -Uniwersalna Klasyfikacja Dziesiętna [ , ]
    • a
    • Symbol klasyfikacji
    • 884-93
650 -Hasło przedmiotowe [ ,7]
    • a
    • Hasło przedmiotowe
    • Przyroda
    • v
    • Określnik formalny
    • wydawnictwa dla młodzieży.
    • 2
    • Źródło terminu
    • kaba
    • 9
    • KHW
    • 375440
980 -Symbol UKD [ , ]
    • a
    • UKD
    • 884-93
700 -Hasło dodatkowe - nazwa osobowa [1, ]
    • a
    • Nazwa osobowa (NP)
    • Heintze, Jerzy Find
    • d
    • Daty biograficzne (NP)
    • (1922-1995).
    • e
    • Określenie rodzaju współpracy
    • Il.
    • 9
    • KHW
    • 61716
700 -Hasło dodatkowe - nazwa osobowa [1, ]
    • a
    • Nazwa osobowa (NP)
    • Rychlicki, Zbigniew Find
    • d
    • Daty biograficzne (NP)
    • (1922-1989).
    • e
    • Określenie rodzaju współpracy
    • Il.
    • 9
    • KHW
    • 57313
700 -Hasło dodatkowe - nazwa osobowa [1, ]
    • a
    • Nazwa osobowa (NP)
    • Saloni, Stanisława. Find
    • e
    • Określenie rodzaju współpracy
    • Il.
    • 9
    • KHW
    • 506542
710 -Hasło dodatkowe - nazwa ciała zbiorowego [2, ]
    • a
    • Nazwa ciała zbiorowego lub nazwa geograficzna jako pierwszy element (NP)
    • Wydawnictwa Szkolne i Pedagogiczne.
    • 4
    • Kod relacji
    • pbl
    • 9
    • KHW
    • 52547
800 -Hasło dodatkowe opisu książki wielotomowej - nazwa osobowa [1, ]
    • a
    • Nazwa osobowa (NP)
    • Kownacka, Maria
    • d
    • Daty biograficzne (NP)
    • (1894-1982).
    • t
    • Tytuł ujednolicony/tytuł (NP)
    • Razem ze słonkiem
    • v
    • Oznaczenie tomu (NP)
    • 2
    • 9
    • KHW
    • 506521
920 -ISBN [ , ]
    • a
    • ISBN
    • 83-02-04610-8 Find
    • q
    • Dopowiedzenie
    • Cz. 2
920 -ISBN [ , ]
    • a
    • ISBN
    • 83-02-04611-6 Find
    • q
    • Dopowiedzenie
    • Całość
Lokalizacja Data inwentaryzacji Status udost. Numer inwentarzowy Sygnatura
BG1996-07-25-3W.174590W.174590
BG1996-07-251Pd.5447 
BM1996-07-251P.9760